| 000 | 005710000a22002050004500 | ||
|---|---|---|---|
| 020 | _a0-7879-5967-7 | ||
| 041 | 0 | _aENG | |
| 082 | 0 | 4 | _aG 374 V438e |
| 100 | 1 | _aVella, Jane | |
| 245 | 1 | 0 | _aLearning to listen, learning to teach : The power of dialogue in educating adults / Jane Vella |
| 250 | _aRev. ed. | ||
| 260 | _aSan Francisco : E. U. : Jossey-Bass | ||
| 300 | _a263 Pag | ||
| 650 | 1 | 4 | _aEDUCACION DE ADULTOS |
| 001 | 13346 | ||
| 942 | _cBK | ||
| 999 |
_c42326 _d42326 |
||
| 336 |
_atexto _btxt _2rdacontent |
||
| 337 |
_2rdamedia _asin mediación _bn |
||
| 338 |
_2rdacarrier _avolumen _bnc |
||